Actividad económica regional 1985 1992 análisis de la distribución interregional del producto y de la actividad económica regional

Saved in:
Bibliographic Details
Corporate Author: MIDEPLAN (Author)
Format: Book
Language:Spanish
Published: Santiago MIDEPLAN 1995
Series:Documentos Regionales, 31
Subjects:
Tags: Add Tag
No Tags, Be the first to tag this record!

MARC

LEADER 00000nam a2200000 a 4500
001 UCU5779
003 CL-VaPUC
008 960614e19950000CL |||||||||||||||||spa|d
082 0 4 |a 330.983  |b MID  |2 21 
110 2 |a MIDEPLAN  |e author  |9 363765 
245 1 0 |a Actividad económica regional 1985 1992 análisis de la distribución interregional del producto y de la actividad económica regional 
300 |a 56 p 
942 |c BK 
945 |d 19960614 00:00:00  |a rbrito 
260 |a Santiago  |b MIDEPLAN  |c 1995 
650 0 |a Economía regional  |9 320847 
650 0 |a Economía   |9 255568 
650 7 |a SISTEMAS ECONOMICOS  |2 CL-VaPUC  |9 363766 
650 7 |a PRODUCTO NACIONAL BRUTO  |2 CL-VaPUC  |9 259223 
650 7 |a ECONOMIA NACIONAL  |2 CL-VaPUC  |9 338222 
650 0 |a Crecimiento económico   |9 314037 
651 7 |a CHILE  |2 CL-VaPUC  |9 363767 
583 |a last modification  |c 19960614 00:00:00  |k Rodrigo Vera 
490 0 |a Documentos Regionales, 31 
999 |c 248967  |d 248965